25- Meistgestreamte deutschsprachige Lieder/Songs - Statistiken

Allgemein
  • Dieses Quiz wurde 136 mal gespielt
  • Das Durchschnittsergebnis liegt bei 10 aus 25
Antwortstatistiken
Jahr Streams in Mio Lied Antwort % Korrekt
5 2019 425,5 Apache 207 Roller
90%
4 1983 481,9 Nena 99 Luftballons
89%
13 2023 245,1 Udo Lindenberg Komet
72%
3 2019 499,5 Rammstein Deutschland
71%
2 2001 552,4 Rammstein Sonne
69%
12 2019 247,5 Juju Vermissen
58%
10 2017 255,2 Bausa Was du Liebe nennst
58%
18 2013 211,4 Alligatoah Willst du
52%
1 1997 623,6 Rammstein Du hast
48%
7 2016 289,3 Bonez MC Ohne mein Team
46%
6 1997 312,4 Rammstein Engel
44%
25 2016 193,1 Bonez MC Palmen aus Plastik
44%
22 2020 201,2 Pashanim Airwaves
37%
16 2021 217,4 Pashanim Sommergewitter
36%
8 2018 259,9 Bonez MC 500 PS
29%
19 2019 208,6 Apache 207 200 kmh
25%
23 2022 201,2 Luciano Beautiful Girl
19%
14 2004 230,9 Rammstein Amerika
18%
17 2022 217,2 Luciano Bamba
18%
11 2001 253,4 Rammstein Ich will
16%
24 2019 194,6 Capital Bra 110
11%
15 2019 224,6 Rammstein Ausländer
11%
9 2001 259,7 Rammstein Feuer frei
11%
20 2001 206,1 Rammstein Mein Herz brennt
11%
21 2019 202,3 Rammstein Radio
11%
Keine übereinstimmenden Quizze gefunden
Verteilung der Resultate
Anzahl Personen mit jedem Resultat
Perzentil nach korrekt beantworteten Fragen
Ihre Resultats-Entwicklung
Sie haben dieses Quiz noch nicht gespielt